000 01132nam a22002897i 4500
999 _c22719
_d22719
003 AR-CdUCM
008 231016b20212021pe |||| |||| 00| 0 spa d
020 _a978-612-00-5864-0
040 _aMUNICIPALIDAD PROVINCIAL DEL CUSCO
_cBIBLIOTECA MUNICIPAL DEL CUSCO
041 _hspa
082 _a348.81 / J28
_bJ28
100 _aJayo Silva, Carlos Eduardo
_948952
245 _aLa Seguridad Social y los Derechos Fundamentales /
260 _aHuanchac-Cusco :
_c2021.
300 _a250 páginas. :
_c21 cm.
500 _zBibliografía: páginas 251-256
505 _aDerechos fundamentales -- Teoría de los valores -- Teoría multifuncional -- Garantía procesal -- Dignidad humana --Derecho a la vida -- Garantías jurisdiccionales -- Principio de uniformidad -- Seguridad social en el Perú
650 _aValores
_95705
650 _a Derecho a la alimentación
_949138
650 _aDerecho a la salud
_924856
650 _aDerecho a la vida
_949140
650 _aSociabilidad
_938408
650 _aDignidad humana
_926036
650 _aGarantía procesal
_949141
942 _2ddc
_cLIBROS
945 _apebm
_d2023-10-16